Vista normal
Vista MARC
Entrada Corporate Name
Número de registros utilizados en: 1
001 - CONTROL NUMBER
- control field: 38963
003 - CONTROL NUMBER IDENTIFIER
- control field: OSt
005 - DATE AND TIME OF LATEST TRANSACTION
- control field: 20210802112634.0
008 - FIXED-LENGTH DATA ELEMENTS
- fixed length control field: 210802|| aca||aabn | a|a d
040 ## - CATALOGING SOURCE
- Original cataloging agency: OSt
- Transcribing agency: OSt
110 ## - HEADING--CORPORATE NAME
- Corporate name or jurisdiction name as entry element: Fundación Getulio Vargas
670 ## - SOURCE DATA FOUND
- Source citation: Work cat.: (OSt)12091: Seminario Interamericano Conmemorativo de los 25 Años del BID (1985 : Rio de Janeiro, Brazil) 38962, Informe del Seminario Interamericano Conmemorativo de los 25 Años del BID /, 1986.